000 00555nam a2200181 a 4500
001 000021163
005 20200930011240.0
008 100901s1980 xxua r 000 | spa d
040 _aDO-SdBNP
_bspa
_cBNPHU
082 _axxx
_bS939l
100 1 _aSuárez, Adolfo
_d1932-
_944241
245 1 0 _aSuárez, Adolfo :
_bSucesos de la tarde /
_cAdolfo Suárez; edición, Eliana Dávila.
260 _aLa Habana :
_bLetras Cubanas,
_c1980.
300 _a287 p., :
_bil. ;
_c19 cm.
490 _aMinima;
_v38
700 _aDávila, Eliana
_eed.
_911227
049 _aBNGR
999 _c20665
_d20665